[Event "CMA Futurity ABCD"]
[Site "Montreal CAN"]
[Date "2017.04.15"]
[Round "2"]
[White "Baran, Marius"]
[Black "Charette, Nicolas"]
[Result "1-0"]
[WhiteElo "1759"]
[BlackElo "1639"]
[WhiteFideId "-1"]
[WhiteFideId "-1"]
[PlyCount "64"]
[GameId "2160767908412020"]
[EventDate "2017.04.14"]
[EventType "swiss"]
[EventRounds "5"]
[EventCountry "CAN"]
[SourceTitle "EXT 2022"]
[Source "ChessBase"]
[SourceDate "2021.10.06"]
[SourceVersion "1"]
[SourceVersionDate "2021.10.06"]
[SourceQuality "1"]

1. e4 e5 2. Nf3 Nc6 3. d4 exd4 4. Bc4 Nf6 5. e5 d5 6. Bb5 Ne4 7. Nxd4 Bd7 8. Bxc6 bxc6 9. O-O Bc5 10. Be3 Qe7 11. f3 Ng5 12. f4 Ne4 13. Nd2 Nxd2 14. Qxd2 O-O 15. Rae1 Bb6 16. Nb3 a5 17. f5 f6 18. e6 Be8 19. Qf2 a4 20. Nc5 Ra5 21. Nd3 Bxe3 22. Qxe3 g6 23. Qg3 Kh8 24. Qh4 gxf5 25. Ne5 Qc5+ 26. Kh1 fxe5 27. e7 Rf7 28. Rxe5 Qxc2 29. Qf4 Ra8 30. Qh6 Rg7 31. g3 Qc5 32. Qf6 Kg8 1-0

[Event "CMA Futurity ABCD"]
[Site "Montreal CAN"]
[Date "2017.04.15"]
[Round "2"]
[White "Barko, Maxim"]
[Black "Kay, Sang Kill"]
[Result "1-0"]
[WhiteElo "1860"]
[BlackElo "1623"]
[WhiteFideId "-1"]
[WhiteFideId "-1"]
[PlyCount "59"]
[GameId "2160767908412021"]
[EventDate "2017.04.14"]
[EventType "swiss"]
[EventRounds "5"]
[EventCountry "CAN"]
[SourceTitle "EXT 2022"]
[Source "ChessBase"]
[SourceDate "2021.10.06"]
[SourceVersion "1"]
[SourceVersionDate "2021.10.06"]
[SourceQuality "1"]

1. d4 g6 2. e4 Bg7 3. Nc3 a6 4. Be3 b5 5. Qd2 Bb7 6. Bd3 d6 7. f3 Nd7 8. Nh3 Ngf6 9. Nf2 b4 10. Ne2 a5 11. Bh6 O-O 12. h4 e5 13. h5 Nxh5 14. g4 Qf6 15. gxh5 exd4 16. Bxg7 Qxg7 17. Ng4 Ne5 18. Nxe5 dxe5 19. O-O-O g5 20. h6 Qg6 21. Rdg1 f6 22. f4 g4 23. Rh4 Bc8 24. f5 Qf7 25. Rhxg4+ Kh8 26. Rg7 Qxa2 27. Kd1 c5 28. Nc1 Qxb2 29. Qg2 Ba6 30. Rxh7+ 1-0

[Event "CMA Futurity ABCD"]
[Site "Montreal CAN"]
[Date "2017.04.15"]
[Round "2"]
[White "Broday, Gabriel Renan"]
[Black "Robichaud, Louis"]
[Result "1/2-1/2"]
[WhiteElo "2074"]
[BlackElo "2039"]
[WhiteFideId "-1"]
[WhiteFideId "-1"]
[PlyCount "97"]
[GameId "2160767908412022"]
[EventDate "2017.04.14"]
[EventType "swiss"]
[EventRounds "5"]
[EventCountry "CAN"]
[SourceTitle "EXT 2022"]
[Source "ChessBase"]
[SourceDate "2021.10.06"]
[SourceVersion "1"]
[SourceVersionDate "2021.10.06"]
[SourceQuality "1"]

1. e4 e5 2. Nf3 Nc6 3. Bc4 Bc5 4. c3 Nf6 5. Qe2 O-O 6. Bb3 d5 7. d3 h6 8. O-O Re8 9. Nbd2 Be6 10. Bc2 a5 11. a4 d4 12. Nb3 Bb6 13. cxd4 Nxd4 14. Nfxd4 Bxd4 15. Nxd4 Qxd4 16. Be3 Qb4 17. Qd2 Qxd2 18. Bxd2 Nd7 19. Bc3 f6 20. d4 exd4 21. Bxd4 Ne5 22. Rfd1 Rad8 23. f3 Nc6 24. Bc3 Nb4 25. Rxd8 Rxd8 26. Bd1 c5 27. Be2 b6 28. Rd1 Rxd1+ 29. Bxd1 Kf7 30. Kf2 Nc6 31. Ke3 Ne5 32. Bxe5 fxe5 33. Be2 Bb3 34. Bb5 Ke6 35. Kd3 Kd6 36. Kc3 Be6 37. Bc4 Bd7 38. b3 g5 39. g3 Ke7 40. Kd3 Kf6 41. Ke3 Bc8 42. f4 Bd7 43. f5 Bc8 44. h3 Bb7 45. g4 Bc8 46. Bb5 Bb7 47. Bd3 Bc6 48. Bc4 Bb7 49. Kd3 1/2-1/2

[Event "CMA Futurity ABCD"]
[Site "Montreal CAN"]
[Date "2017.04.15"]
[Round "2"]
[White "Forget, Luc"]
[Black "Ouellet, Maili-Jade"]
[Result "1-0"]
[WhiteElo "1968"]
[BlackElo "1986"]
[WhiteFideId "-1"]
[WhiteFideId "-1"]
[PlyCount "121"]
[GameId "2160767908412024"]
[EventDate "2017.04.14"]
[EventType "swiss"]
[EventRounds "5"]
[EventCountry "CAN"]
[SourceTitle "EXT 2022"]
[Source "ChessBase"]
[SourceDate "2021.10.06"]
[SourceVersion "1"]
[SourceVersionDate "2021.10.06"]
[SourceQuality "1"]

1. e4 c5 2. Nf3 e6 3. c3 d5 4. exd5 Qxd5 5. d4 Nf6 6. Be2 Be7 7. O-O O-O 8. c4 Qd6 9. Nc3 a6 10. Bg5 Rd8 11. dxc5 Qxc5 12. Qc2 Bd7 13. a3 Qc7 14. Ne4 Bc6 15. Nxf6+ gxf6 16. Bh6 Nd7 17. Nd4 Ne5 18. Nxc6 Qxc6 19. Rad1 Kh8 20. Rxd8+ Rxd8 21. Bf4 Bd6 22. Bg3 Rc8 23. Rd1 Nxc4 24. Bxc4 Bxg3 25. hxg3 Qxc4 26. Rd8+ Rxd8 27. Qxc4 Kg7 28. Qc7 Rd1+ 29. Kh2 b5 30. Qc2 Rd5 31. g4 a5 32. Qc3 a4 33. f4 Kg6 34. b4 axb3 35. Qxb3 Rc5 36. Qe3 Rd5 37. Qe4+ Kg7 38. Kg3 h6 39. Kf3 h5 40. gxh5 Rxh5 41. Ke3 Rd5 42. Qxd5 exd5 43. Kd4 Kg6 44. Kxd5 Kf5 45. Kc5 Kxf4 46. Kxb5 Kg3 47. a4 f5 48. a5 Kxg2 49. a6 f4 50. a7 f3 51. a8=Q Kg3 52. Qg8+ Kh2 53. Qh7+ Kg1 54. Qh3 f2 55. Qg3+ Kf1 56. Kc4 f5 57. Kd3 Ke1 58. Ke3 f4+ 59. Kxf4 Ke2 60. Qg2 Ke1 61. Ke3 1-0

[Event "CMA Futurity ABCD"]
[Site "Montreal CAN"]
[Date "2017.04.15"]
[Round "2"]
[White "Gauthier, Denis"]
[Black "Goler, Isil"]
[Result "1/2-1/2"]
[WhiteElo "1858"]
[BlackElo "1818"]
[WhiteFideId "-1"]
[WhiteFideId "-1"]
[PlyCount "86"]
[GameId "2160767908412025"]
[EventDate "2017.04.14"]
[EventType "swiss"]
[EventRounds "5"]
[EventCountry "CAN"]
[SourceTitle "EXT 2022"]
[Source "ChessBase"]
[SourceDate "2021.10.06"]
[SourceVersion "1"]
[SourceVersionDate "2021.10.06"]
[SourceQuality "1"]

1. d4 d5 2. c4 e6 3. Nc3 Nf6 4. cxd5 exd5 5. Bg5 Be7 6. e3 c6 7. Bd3 Bg4 8. Nge2 Nbd7 9. Qc2 Bh5 10. Nf4 Bg6 11. Nxg6 hxg6 12. h3 Nh5 13. Bxe7 Qxe7 14. O-O-O Nb6 15. Na4 Nxa4 16. Qxa4 O-O 17. Kb1 Nf6 18. Qc2 Rfe8 19. Rc1 Ne4 20. Bxe4 Qxe4 21. Qxe4 Rxe4 22. h4 f6 23. Kc2 Kf7 24. Kd2 Rh8 25. g3 Ree8 26. Rb1 Ke6 27. b4 a6 28. a4 Kd6 29. Rhc1 b5 30. Ra1 Ra8 31. Rc3 Rhc8 32. Rca3 Rab8 33. a5 Rc7 34. Rh1 Rh8 35. Raa1 Rcc8 36. Ke2 Rh5 37. Rac1 Rch8 38. Rc3 Rc8 39. Rhc1 Rh7 40. Kf3 Rhh8 41. Re1 Rhe8 42. Rh1 Rh8 43. Rcc1 Rh5 1/2-1/2

[Event "CMA Futurity ABCD"]
[Site "Montreal CAN"]
[Date "2017.04.15"]
[Round "2"]
[White "Gauthier, Luc"]
[Black "Tsypin, Allison"]
[Result "1-0"]
[WhiteElo "1576"]
[BlackElo "1299"]
[WhiteFideId "-1"]
[WhiteFideId "-1"]
[PlyCount "49"]
[GameId "2160767908412026"]
[EventDate "2017.04.14"]
[EventType "swiss"]
[EventRounds "5"]
[EventCountry "CAN"]
[SourceTitle "EXT 2022"]
[Source "ChessBase"]
[SourceDate "2021.10.06"]
[SourceVersion "1"]
[SourceVersionDate "2021.10.06"]
[SourceQuality "1"]

1. e4 e5 2. f4 d5 3. exd5 e4 4. d3 exd3 5. Qxd3 Nf6 6. Nc3 Bb4 7. Qb5+ c6 8. Qxb4 Nxd5 9. Nxd5 Qxd5 10. Nf3 Nd7 11. Bc4 Qf5 12. O-O Nc5 13. Re1+ Be6 14. Nd4 Qh5 15. f5 O-O 16. fxe6 fxe6 17. Nxe6 Nxe6 18. Bxe6+ Kh8 19. Bd2 b6 20. Bc3 Rad8 21. Rad1 c5 22. Rxd8 Rxd8 23. Qe4 Qh6 24. Bf7 Rf8 25. Qe7 1-0

[Event "CMA Futurity ABCD"]
[Site "Montreal CAN"]
[Date "2017.04.15"]
[Round "2"]
[White "Nesterov, Timour"]
[Black "Morin, Maxime"]
[Result "1-0"]
[WhiteElo "1858"]
[BlackElo "1737"]
[WhiteFideId "-1"]
[WhiteFideId "-1"]
[PlyCount "41"]
[GameId "2160767908412028"]
[EventDate "2017.04.14"]
[EventType "swiss"]
[EventRounds "5"]
[EventCountry "CAN"]
[SourceTitle "EXT 2022"]
[Source "ChessBase"]
[SourceDate "2021.10.06"]
[SourceVersion "1"]
[SourceVersionDate "2021.10.06"]
[SourceQuality "1"]

1. d4 Nf6 2. Bf4 d5 3. e3 Bf5 4. Nf3 e6 5. Nbd2 Bd6 6. Ne5 O-O 7. Be2 Qe7 8. g4 Bg6 9. h4 h6 10. g5 Bxe5 11. dxe5 Ne4 12. h5 hxg5 13. hxg6 gxf4 14. Bd3 fxg6 15. Qg4 fxe3 16. Nxe4 dxe4 17. Bxe4 Qb4+ 18. c3 Qxb2 19. Qxe6+ Rf7 20. Qe8+ Rf8 21. Bd5# 1-0

[Event "CMA Futurity ABCD"]
[Site "Montreal CAN"]
[Date "2017.04.15"]
[Round "2"]
[White "O'Connor, Michael"]
[Black "Guipi Bopala, Prince Eric jr"]
[Result "1/2-1/2"]
[WhiteElo "1713"]
[BlackElo "1588"]
[WhiteFideId "-1"]
[WhiteFideId "-1"]
[PlyCount "87"]
[GameId "2160767908412029"]
[EventDate "2017.04.14"]
[EventType "swiss"]
[EventRounds "5"]
[EventCountry "CAN"]
[SourceTitle "EXT 2022"]
[Source "ChessBase"]
[SourceDate "2021.10.06"]
[SourceVersion "1"]
[SourceVersionDate "2021.10.06"]
[SourceQuality "1"]

1. d4 d5 2. Nf3 e6 3. c4 Be7 4. Nc3 Nf6 5. Bg5 O-O 6. e3 Re8 7. Qc2 Nbd7 8. cxd5 exd5 9. Bd3 Nf8 10. h3 Ne6 11. Bxf6 Bxf6 12. Bxh7+ Kh8 13. Bf5 Nxd4 14. Nxd4 Bxd4 15. O-O Bxc3 16. bxc3 c6 17. Rfd1 Qf6 18. Bxc8 Raxc8 19. Rab1 Rc7 20. c4 dxc4 21. Qxc4 Rd8 22. Qa4 b6 23. Qg4 Rcc8 24. Rdc1 c5 25. Rc4 Kg8 26. a4 Rc6 27. Rbc1 Rcd6 28. Rf4 Qb2 29. Rcc4 Qb1+ 30. Kh2 Rg6 31. Qf3 Qd3 32. Rce4 Qd6 33. g3 Rf6 34. Rxf6 Qxf6 35. Qxf6 gxf6 36. Re7 a6 37. Ra7 b5 38. Rxa6 b4 39. Rc6 Rd5 40. Rb6 Rd2 41. Kg2 Rb2 42. Rc6 Rc2 43. Rb6 Rb2 44. Rc6 1/2-1/2

[Event "CMA Futurity ABCD"]
[Site "Montreal CAN"]
[Date "2017.04.15"]
[Round "2"]
[White "Tomb, Maroun"]
[Black "Masse, Hugues"]
[Result "0-1"]
[WhiteElo "2133"]
[BlackElo "2157"]
[WhiteFideId "-1"]
[WhiteFideId "-1"]
[PlyCount "91"]
[GameId "2160767908412030"]
[EventDate "2017.04.14"]
[EventType "swiss"]
[EventRounds "5"]
[EventCountry "CAN"]
[SourceTitle "EXT 2022"]
[Source "ChessBase"]
[SourceDate "2021.10.06"]
[SourceVersion "1"]
[SourceVersionDate "2021.10.06"]
[SourceQuality "1"]

1. c4 c5 2. Nc3 Nc6 3. g3 g6 4. Bg2 Bg7 5. Nf3 e5 6. h4 d6 7. d3 Bg4 8. a3 a5 9. Nh2 Be6 10. Nf1 Nge7 11. Ne3 O-O 12. h5 Rb8 13. Ned5 Qd7 14. hxg6 hxg6 15. Bh6 Bxd5 16. Nxd5 Nxd5 17. Bxd5 Bxh6 18. Rxh6 Kg7 19. Rh1 Rh8 20. e3 Ne7 21. Rxh8 Rxh8 22. Bg2 b5 23. Qd2 a4 24. Qc3 f6 25. Qa5 Rb8 26. cxb5 Qxb5 27. Qc7 Kf7 28. Qxd6 Qa5+ 29. Kf1 Rd8 30. Bd5+ Nxd5 31. Qc6 Ne7 32. Qe4 Qa8 33. Qc4+ Qd5 34. Qxd5+ Nxd5 35. Rc1 Rc8 36. Ke1 Ke6 37. Kd2 Kd6 38. Rc4 Nb6 39. Rh4 g5 40. Rh6 Ke6 41. Rh7 c4 42. Ra7 Rd8 43. d4 exd4 44. exd4 Rxd4+ 45. Kc3 Rd3+ 46. Kc2 0-1

[Event "CMA Futurity ABCD"]
[Site "Montreal CAN"]
[Date "2017.04.15"]
[Round "2"]
[White "Tsanaclis, Albert"]
[Black "Blanchette, Rene"]
[Result "1-0"]
[WhiteElo "1662"]
[BlackElo "1712"]
[WhiteFideId "-1"]
[WhiteFideId "-1"]
[PlyCount "89"]
[GameId "2160767908412031"]
[EventDate "2017.04.14"]
[EventType "swiss"]
[EventRounds "5"]
[EventCountry "CAN"]
[SourceTitle "EXT 2022"]
[Source "ChessBase"]
[SourceDate "2021.10.06"]
[SourceVersion "1"]
[SourceVersionDate "2021.10.06"]
[SourceQuality "1"]

1. e4 Nf6 2. e5 Nd5 3. d4 d6 4. c4 Nb6 5. exd6 cxd6 6. Nc3 g6 7. Be3 Bg7 8. Rc1 O-O 9. b3 Nc6 10. d5 Ne5 11. Be2 f5 12. Bf4 e6 13. dxe6 Bxe6 14. Nf3 Qe7 15. O-O Rfd8 16. Nd4 Bf7 17. Qd2 Rac8 18. Rfe1 a6 19. a4 Nbd7 20. Kh1 Nf6 21. Qc2 Re8 22. Bf3 Qd7 23. Qd2 Rcd8 24. Bd1 Qc7 25. Bg5 Rc8 26. f4 Neg4 27. Bf3 h6 28. Bh4 h5 29. h3 Nh6 30. Nde2 d5 31. Bxf6 Bxf6 32. Nxd5 Bxd5 33. Bxd5+ Kg7 34. Nd4 Qb6 35. Ne6+ Kh8 36. Rc3 Re7 37. Rg3 Kh7 38. Ng5+ Kg7 39. Ne6+ Kh8 40. Rge3 Rd7 41. Ng5 Kg7 42. Re6 Qc7 43. Rxf6 Rxd5 44. Qxd5 Kxf6 45. Qd4+ 1-0

[Event "CMA Futurity ABCD"]
[Site "Montreal CAN"]
[Date "2017.04.15"]
[Round "2"]
[White "Tsukerman, Julia"]
[Black "Turgeon, Yoakim"]
[Result "1-0"]
[WhiteElo "1396"]
[BlackElo "1822"]
[WhiteFideId "-1"]
[WhiteFideId "-1"]
[PlyCount "117"]
[GameId "2160767908412032"]
[EventDate "2017.04.14"]
[EventType "swiss"]
[EventRounds "5"]
[EventCountry "CAN"]
[SourceTitle "EXT 2022"]
[Source "ChessBase"]
[SourceDate "2021.10.06"]
[SourceVersion "1"]
[SourceVersionDate "2021.10.06"]
[SourceQuality "1"]

1. e4 e5 2. Nf3 Nc6 3. Bb5 a6 4. Ba4 Nf6 5. d3 Bc5 6. c3 b5 7. Bb3 d6 8. O-O Bg4 9. Nbd2 O-O 10. Re1 Ne7 11. Nf1 Ng6 12. Ng3 c6 13. h3 Bxf3 14. Qxf3 h6 15. Nf5 d5 16. h4 Ne7 17. Nxh6+ gxh6 18. Qxf6 Ng6 19. Qxc6 Rc8 20. Qxa6 Qxh4 21. Be3 Bxe3 22. Rxe3 Nf4 23. Bxd5 Kh8 24. g3 Qh3 25. Qf6+ Kh7 26. Qf5+ Qxf5 27. exf5 Nxd5 28. Rxe5 Nc7 29. d4 Rfe8 30. Rae1 Kg7 31. Rxe8 Rxe8 32. Rxe8 Nxe8 33. f3 Kf6 34. Kf2 Kxf5 35. Ke3 Nd6 36. b3 Ke6 37. Kf4 Kd5 38. g4 b4 39. cxb4 Kxd4 40. a4 Kc3 41. Ke5 Ne8 42. b5 f6+ 43. Ke6 Nc7+ 44. Kxf6 Kxb3 45. Ke5 Kxa4 46. b6 Na6 47. f4 Kb5 48. b7 Kc6 49. f5 Kxb7 50. f6 Nb8 51. f7 Kc7 52. Ke6 Nd7 53. Ke7 Kc6 54. f8=Q Nxf8 55. Kxf8 Kd6 56. Kg7 Ke6 57. Kxh6 Kf7 58. g5 Kf8 59. Kh7 1-0

[Event "CMA Futurity ABCD"]
[Site "Montreal CAN"]
[Date "2017.04.15"]
[Round "2"]
[White "Yergeau, Simon"]
[Black "Zhong, Kevin"]
[Result "1/2-1/2"]
[WhiteElo "1646"]
[BlackElo "1575"]
[WhiteFideId "-1"]
[WhiteFideId "-1"]
[PlyCount "60"]
[GameId "2160767908412033"]
[EventDate "2017.04.14"]
[EventType "swiss"]
[EventRounds "5"]
[EventCountry "CAN"]
[SourceTitle "EXT 2022"]
[Source "ChessBase"]
[SourceDate "2021.10.06"]
[SourceVersion "1"]
[SourceVersionDate "2021.10.06"]
[SourceQuality "1"]

1. d4 d5 2. Bf4 c5 3. e3 cxd4 4. exd4 Nc6 5. c3 Bf5 6. Bd3 Bg6 7. Nf3 e6 8. Qc2 Bd6 9. Bg3 Nge7 10. Nbd2 O-O 11. Bxg6 Nxg6 12. O-O b5 13. a3 Bxg3 14. hxg3 a5 15. Rac1 Qb6 16. Nb3 Ra7 17. Nc5 e5 18. b4 e4 19. Nd2 axb4 20. axb4 Rfa8 21. Ndb3 Nf8 22. Ra1 Ne6 23. Qb2 Nxc5 24. Nxc5 Nb8 25. Rxa7 Qxa7 26. Qe2 Qb6 27. Qb2 Qa7 28. Qe2 Qb6 29. Qb2 Qa7 30. Qe2 Qb6 1/2-1/2

[Event "CMA Futurity ABCD"]
[Site "Montreal CAN"]
[Date "2017.04.15"]
[Round "2"]
[White "Zheng, Richard"]
[Black "Desmarais, Serge"]
[Result "1/2-1/2"]
[WhiteElo "1870"]
[BlackElo "1680"]
[WhiteFideId "-1"]
[WhiteFideId "-1"]
[PlyCount "178"]
[GameId "2160767908412034"]
[EventDate "2017.04.14"]
[EventType "swiss"]
[EventRounds "5"]
[EventCountry "CAN"]
[SourceTitle "EXT 2022"]
[Source "ChessBase"]
[SourceDate "2021.10.06"]
[SourceVersion "1"]
[SourceVersionDate "2021.10.06"]
[SourceQuality "1"]

1. e4 e6 2. d4 d5 3. Nd2 c5 4. c3 Nc6 5. Ngf3 Nf6 6. e5 Nd7 7. Nb3 c4 8. Nbd2 b5 9. b3 Be7 10. a4 b4 11. Bb2 bxc3 12. Bxc3 cxb3 13. Nxb3 a5 14. Bb5 Nb4 15. O-O O-O 16. Qd2 Ba6 17. Bxa6 Rxa6 18. Rfb1 Nc6 19. Qe2 Qa8 20. Nc1 Nb6 21. Rb5 Nc4 22. Nd2 Nxd2 23. Qxd2 Rb8 24. Nb3 Rab6 25. Rxb6 Rxb6 26. Nxa5 Nxa5 27. Bxa5 Ra6 28. Bc3 Rxa4 29. Qb2 Rxa1+ 30. Qxa1 Qxa1+ 31. Bxa1 Bb4 32. f4 Kf8 33. Kf2 Ke7 34. g4 Kd7 35. Ke3 Kc6 36. Kd3 Kb5 37. Bb2 Be7 38. Bc1 Bb4 39. f5 Be7 40. h3 Kb4 41. Bd2+ Kb5 42. Be1 Bd8 43. h4 Ka4 44. h5 Kb3 45. Bd2 g6 46. f6 Bb6 47. Bh6 Ba5 48. Bf8 Bc3 49. Bc5 Bb2 50. Bd6 Bc1 51. Bc7 Bb2 52. Ba5 Bc1 53. Bc3 Bh6 54. Be1 Bf4 55. Ba5 g5 56. Bb6 Bc1 57. Ba5 Bf4 58. Be1 Bc1 59. Bg3 Ba3 60. Bh2 Bc1 61. Bg1 Bf4 62. Bf2 Kb4 63. Be1+ Kb3 64. Bc3 Bc1 65. Ba5 Bf4 66. Bb6 Bc1 67. Bd8 Bf4 68. Ba5 Bc1 69. Be1 Bf4 70. h6 Bc1 71. Bg3 Kb4 72. Kc2 Be3 73. Kd3 Bc1 74. Bh2 Kb3 75. Bg1 Bf4 76. Bf2 Bc1 77. Bg1 Bf4 78. Bf2 Bc1 79. Bg3 Kb4 80. Be1+ Kb3 81. Ba5 Bf4 82. Bb6 Bc1 83. Ba7 Bf4 84. Bb8 Bc1 85. Bd6 Bf4 86. Bf8 Bc1 87. Bg7 Bf4 88. Bh8 Bc1 89. Bg7 Bf4 1/2-1/2

[Event "CMA Futurity ABCD"]
[Site "Montreal CAN"]
[Date "2017.04.15"]
[Round "3"]
[White "Baran, Marius"]
[Black "Nesterov, Timour"]
[Result "1-0"]
[WhiteElo "1759"]
[BlackElo "1858"]
[WhiteFideId "-1"]
[WhiteFideId "-1"]
[PlyCount "93"]
[GameId "2160767908412035"]
[EventDate "2017.04.14"]
[EventType "swiss"]
[EventRounds "5"]
[EventCountry "CAN"]
[SourceTitle "EXT 2022"]
[Source "ChessBase"]
[SourceDate "2021.10.06"]
[SourceVersion "1"]
[SourceVersionDate "2021.10.06"]
[SourceQuality "1"]

1. e4 e6 2. d4 d5 3. Nd2 Nf6 4. e5 Nfd7 5. Bd3 c5 6. c3 Nc6 7. Ne2 cxd4 8. cxd4 f6 9. exf6 Nxf6 10. O-O Bd6 11. Nf3 Nh5 12. Bg5 Qc7 13. Nc3 Nf4 14. Nb5 Qb8 15. Nxd6+ Qxd6 16. Bb5 O-O 17. Bxc6 bxc6 18. Rc1 Ba6 19. Bxf4 Rxf4 20. Re1 Raf8 21. Ne5 Qb4 22. Nxc6 Qxb2 23. Rc2 Qa3 24. f3 Bb5 25. Qd2 Bxc6 26. Rxc6 Qa4 27. Rcxe6 Rxd4 28. Qf2 Rd1 29. Rxd1 Qxd1+ 30. Re1 Qa4 31. Qe2 Qd4+ 32. Kh1 Qf6 33. Rd1 Rd8 34. h3 h6 35. Qd3 d4 36. Qc4+ Kh8 37. Rd3 Qf4 38. Kg1 Qe5 39. Qc1 Qe2 40. Qd2 Qe5 41. Kf2 h5 42. Qe2 Qd5 43. a3 Rc8 44. f4 Rc3 45. Qd2 Qb3 46. Ke2 Rc2 47. Rxb3 1-0

[Event "CMA Futurity ABCD"]
[Site "Montreal CAN"]
[Date "2017.04.15"]
[Round "3"]
[White "Charette, Nicolas"]
[Black "Gauthier, Luc"]
[Result "0-1"]
[WhiteElo "1639"]
[BlackElo "1576"]
[WhiteFideId "-1"]
[WhiteFideId "-1"]
[PlyCount "66"]
[GameId "2160767908412036"]
[EventDate "2017.04.14"]
[EventType "swiss"]
[EventRounds "5"]
[EventCountry "CAN"]
[SourceTitle "EXT 2022"]
[Source "ChessBase"]
[SourceDate "2021.10.06"]
[SourceVersion "1"]
[SourceVersionDate "2021.10.06"]
[SourceQuality "1"]

1. d4 f5 2. Nf3 Nf6 3. c4 e6 4. g3 Be7 5. Bg2 O-O 6. O-O d6 7. Nbd2 Qe8 8. Re1 Qg6 9. Qc2 Nc6 10. e4 Nxe4 11. Nxe4 fxe4 12. Qxe4 Qxe4 13. Rxe4 Bf6 14. d5 Ne5 15. Nxe5 exd5 16. cxd5 Bxe5 17. f4 Bf6 18. Rc4 Rf7 19. a4 Bf5 20. Be4 Bxe4 21. Rxe4 Re7 22. Rxe7 Bxe7 23. Be3 c5 24. Kf2 Bf6 25. Ke2 Re8 26. Kd3 c4+ 27. Kd2 Bxb2 28. Rb1 c3+ 29. Kd3 Rxe3+ 30. Kxe3 c2 31. Re1 c1=Q+ 32. Rxc1 Bxc1+ 33. Kd4 a6 0-1

[Event "CMA Futurity ABCD"]
[Site "Montreal CAN"]
[Date "2017.04.15"]
[Round "3"]
[White "Desmarais, Serge"]
[Black "Gauthier, Denis"]
[Result "1/2-1/2"]
[WhiteElo "1680"]
[BlackElo "1858"]
[WhiteFideId "-1"]
[WhiteFideId "-1"]
[PlyCount "69"]
[GameId "2160767908412037"]
[EventDate "2017.04.14"]
[EventType "swiss"]
[EventRounds "5"]
[EventCountry "CAN"]
[SourceTitle "EXT 2022"]
[Source "ChessBase"]
[SourceDate "2021.10.06"]
[SourceVersion "1"]
[SourceVersionDate "2021.10.06"]
[SourceQuality "1"]

1. b3 e5 2. Bb2 Nc6 3. c4 Nf6 4. Nf3 d6 5. e3 Bg4 6. Be2 Be7 7. d4 exd4 8. Nxd4 Bxe2 9. Qxe2 Qd7 10. Nc3 O-O 11. O-O Rfe8 12. Qf3 Rab8 13. Nxc6 bxc6 14. Ne2 c5 15. Nf4 Qf5 16. Nd5 Qxf3 17. Nxe7+ Rxe7 18. gxf3 Nd7 19. Rfd1 Ne5 20. Bxe5 Rxe5 21. f4 Re4 22. Rd5 a5 23. Rad1 f6 24. R1d3 g6 25. f3 Re7 26. e4 a4 27. e5 fxe5 28. fxe5 axb3 29. axb3 Rxe5 30. Rxe5 dxe5 31. Rd5 Rxb3 32. Kf2 Rc3 33. Rxc5 Kf7 34. Rxc7+ Ke6 35. Rxh7 1/2-1/2

[Event "CMA Futurity ABCD"]
[Site "Montreal CAN"]
[Date "2017.04.15"]
[Round "3"]
[White "Goler, Isil"]
[Black "Barko, Maxim"]
[Result "1-0"]
[WhiteElo "1818"]
[BlackElo "1860"]
[WhiteFideId "-1"]
[WhiteFideId "-1"]
[PlyCount "75"]
[GameId "2160767908412039"]
[EventDate "2017.04.14"]
[EventType "swiss"]
[EventRounds "5"]
[EventCountry "CAN"]
[SourceTitle "EXT 2022"]
[Source "ChessBase"]
[SourceDate "2021.10.06"]
[SourceVersion "1"]
[SourceVersionDate "2021.10.06"]
[SourceQuality "1"]

1. d4 e6 2. Nf3 f5 3. Bg5 Nf6 4. e3 Be7 5. Nbd2 O-O 6. Bc4 d5 7. Bd3 Nbd7 8. c4 c6 9. Qc2 Ne4 10. Bxe7 Qxe7 11. g3 Ndf6 12. Ne5 Nxd2 13. Qxd2 Ne4 14. Qc2 Qb4+ 15. Ke2 Qe7 16. Rag1 Qf6 17. f3 Nd6 18. Rg2 Nf7 19. Nxf7 Rxf7 20. f4 Bd7 21. b3 Be8 22. g4 b6 23. Rhg1 Bd7 24. Kd1 Rc8 25. Qf2 a5 26. gxf5 exf5 27. Rg5 g6 28. h4 Kf8 29. Qg2 Qe7 30. Qf3 Re8 31. R1g3 Qf6 32. h5 gxh5 33. Qxh5 c5 34. Qf3 cxd4 35. Qxd5 dxe3 36. Rg8+ Ke7 37. Rxe3+ Be6 38. Rxe8+ 1-0

[Event "CMA Futurity ABCD"]
[Site "Montreal CAN"]
[Date "2017.04.15"]
[Round "3"]
[White "Guipi Bopala, Prince Eric jr"]
[Black "Tsukerman, Julia"]
[Result "1/2-1/2"]
[WhiteElo "1588"]
[BlackElo "1396"]
[WhiteFideId "-1"]
[WhiteFideId "-1"]
[PlyCount "90"]
[GameId "2160767908412040"]
[EventDate "2017.04.14"]
[EventType "swiss"]
[EventRounds "5"]
[EventCountry "CAN"]
[SourceTitle "EXT 2022"]
[Source "ChessBase"]
[SourceDate "2021.10.06"]
[SourceVersion "1"]
[SourceVersionDate "2021.10.06"]
[SourceQuality "1"]

1. d4 Nf6 2. Bf4 g6 3. Nc3 Bg7 4. Qd2 O-O 5. O-O-O d6 6. h3 Bd7 7. Bh6 b5 8. Bxg7 Kxg7 9. f3 b4 10. Nb1 c5 11. dxc5 dxc5 12. e4 Nc6 13. Bc4 a5 14. g4 Ne5 15. Bd5 Bc6 16. f4 Nxd5 17. exd5 Nc4 18. Qf2 Bxd5 19. Qxc5 e6 20. Qd4+ Qf6 21. Rh2 Qxd4 22. Rxd4 Rac8 23. b3 Nd6 24. Kb2 Nb5 25. Rd3 Rfd8 26. Rhd2 Rc5 27. Ne2 Rdc8 28. c4 bxc3+ 29. Nbxc3 Nxc3 30. Nxc3 Rd8 31. a3 Kf8 32. Rd4 Ke7 33. b4 axb4 34. axb4 Rc4 35. Rxc4 Bxc4 36. Rxd8 Kxd8 37. Ne4 f5 38. Ng5 fxg4 39. hxg4 h5 40. gxh5 gxh5 41. Kc3 Ba2 42. Kd4 Kd7 43. Kc5 Kc7 44. b5 h4 45. b6+ Kb7 1/2-1/2

[Event "CMA Futurity ABCD"]
[Site "Montreal CAN"]
[Date "2017.04.15"]
[Round "3"]
[White "Kay, Sang Kill"]
[Black "Zheng, Richard"]
[Result "0-1"]
[WhiteElo "1623"]
[BlackElo "1870"]
[WhiteFideId "-1"]
[WhiteFideId "-1"]
[PlyCount "96"]
[GameId "2160767908412041"]
[EventDate "2017.04.14"]
[EventType "swiss"]
[EventRounds "5"]
[EventCountry "CAN"]
[SourceTitle "EXT 2022"]
[Source "ChessBase"]
[SourceDate "2021.10.06"]
[SourceVersion "1"]
[SourceVersionDate "2021.10.06"]
[SourceQuality "1"]

1. e4 e5 2. Nf3 Nc6 3. Bb5 Nf6 4. O-O d6 5. d4 exd4 6. Bxc6+ bxc6 7. Qxd4 c5 8. Qc4 Be6 9. Qa4+ Bd7 10. Qc4 Be7 11. e5 Ng4 12. Re1 O-O 13. Nc3 Be6 14. Qe2 Bh4 15. Ne4 Bd5 16. Bg5 Bxg5 17. Nfxg5 Nxe5 18. Nxh7 Bxe4 19. Nxf8 Bb7 20. f4 Nc6 21. Ne6 fxe6 22. Qxe6+ Kf8 23. Qf5+ Qf6 24. Qd7 Qf7 25. Qh3 Nd4 26. Qh8+ Qg8 27. Qh4 Qd5 28. Qf2 Kg8 29. Re7 Rf8 30. Qg3 Nf5 31. Rxg7+ Nxg7 32. Qb3 Rxf4 33. Qxd5+ Bxd5 34. b3 c4 35. b4 c3 36. a3 Rd4 37. Kf2 Rd2+ 38. Ke3 Nf5+ 39. Kf4 Nd4 40. Re1 Kf7 41. g4 Rxc2 42. h4 Rf2+ 43. Kg3 Rf3+ 44. Kh2 c2 45. h5 Rd3 46. Rf1+ Nf3+ 47. Kg3 Rd1 48. Rf2 c1=Q 0-1